header

Wings for our courage (Record no. 221681)

MARC details
000 -LEADER
fixed length control field 01734nam a2200397 a 4500
082 04 - DEWEY DECIMAL CLASSIFICATION NUMBER
Classification number 850.9/004
100 1# - MAIN ENTRY--AUTHOR NAME
Personal name Jed, Stephanie H,
245 10 - TITLE STATEMENT
Title Wings for our courage
260 ## - PUBLICATION, DISTRIBUTION, ETC. (IMPRINT)
Place of publication Berkeley, Calif. :
Name of publisher University of California Press,
Year of publication 2011.
300 ## - PHYSICAL DESCRIPTION
Number of Pages xvi, 282 p. :
Other physical details ill.
490 1# - SERIES STATEMENT
Series statement FlashPoints ;
505 2# - FORMATTED CONTENTS NOTE
Formatted contents note section 1. Slaying the tyrant, 1536-2011 -- section 2. Wings for my courage -- section 3. Gender, erudition and the Italian nation.
650 #0 - SUBJECT ADDED ENTRY--TOPICAL TERM
Topical Term Italian literature
Topical Term Politics and literature
Topical Term Republicanism in literature.
Topical Term Republicanism
Topical Term Republicanism
856 40 - ELECTRONIC LOCATION AND ACCESS
Uniform Resource Identifier http://site.ebrary.com/lib/rucke/Doc?id=10480815

No items available.

© 2026 Rongo University
Contact us: librarian | system librarian | Rongo university